| 000 | 00610nam a2200205Ia 4500 | ||
|---|---|---|---|
| 003 | GCL | ||
| 008 | 140319s9999 xx 000 0 ara d | ||
| 040 |
_aGCL / _cGCL |
||
| 082 | 0 | 4 |
_a257.1 _bم ن |
| 100 | 1 | _aمحمد عمارة | |
| 245 | 1 | 0 |
_aنظرية الخلافة / _cمحمد عمارة |
| 300 | _a81 ص | ||
| 490 |
_aموسوعة الحضارة الاسلامية _v0 |
||
| 650 | 0 | 4 | _aالخلافة |
| 650 | 0 | 4 | _aالنظام السياسى |
| 650 | 0 | 4 | _aنظام الحكم فى الاسلام |
| 650 | 0 | 4 | _aنظام الحكم |
| 650 | 0 | 4 | _aالاسلام والسياسة |
| 942 |
_2ddc _cBK |
||
| 999 |
_c48146 _d48146 |
||